10 Biggest Selling Beer Brands Globally - Statistics

General Stats
  • This quiz has been taken 640 times
  • The average score is 4 of 10
Answer Stats
% Hint Answer % Correct
2.5 North America Bud Light
89%
2.3 North America Budweiser
89%
1.5 Europe Heineken
81%
1.3 North America Coors Light
52%
2.8 China Tsingtao
35%
1.5 Brazil Brahma
14%
5.4 China Snow
7%
1.5 China Harbin
3%
2.1 Europe Skol
3%
1.9 China Yanjing
2%
No matching quizzes found
Score Distribution
Percent of People with Each Score
Percentile by Number Answered
Your Score History
You have not taken this quiz